000 00243nam a2200097Ia 4500
001 643717
005 20250826153551.0
008 250824s9999 xx 000 0 und d
245 0 _aKüçük Prens
_cAntoine de Saint-Exupéry
260 _bKAYALIPARK
999 _c643717
_d643717